[Event "Lvov Ukrainian Chess Warriors"]
[Site "Lvov"]
[Date "2024.03.15"]
[Round "5"]
[White "Lornye, Pylyp"]
[Black "Dehtiarov, Roman"]
[Result "0-1"]
[WhiteElo "2147"]
[BlackElo "2319"]
[PlyCount "86"]
[EventDate "2024.03.15"]
[EventType "swiss (rapid)"]
[EventRounds "8"]
[EventCountry "UKR"]
[SourceTitle "CB12_2024"]
[SourceDate "2023.10.01"]
[SourceVersion "1"]
[SourceVersionDate "2023.10.01"]
[SourceQuality "1"]

1. Nf3 d5 2. g3 Bg4 3. Bg2 e6 4. h3 Bxf3 5. Bxf3 Nf6 6. c4 Nbd7 7. 0-0 c6 8. cxd5 exd5 9. d3 Bd6 10. Nc3 0-0 11. e4 dxe4 12. dxe4 Qe7 13. Qc2 Rfe8 14. Bg2 Bb4 15. Re1 Rad8 16. Be3 Nb6 17. a3 Bc5 18. Nd5 cxd5 19. Bxc5 Qc7 20. exd5 Rxe1+ 21. Rxe1 Nbd7 22. Rc1 Rc8 23. b4 b6 24. d6 Qb8 25. Qf5 bxc5 26. bxc5 Qb5 27. a4 Qa5 28. Rb1 Qxc5 29. Qd3 h6 30. Rb7 Ne5 31. Qd2 Nc4 32. Qc3 Qxd6 33. Rxa7 Nb6 34. Qb3 Nbd5 35. a5 Rb8 36. Qa2 Qc5 37. Ra6 Qc1+ 38. Kh2 Rb1 39. Ra8+ Kh7 40. h4 Rb2 41. Qa4 h5 42. Be4+ g6 43. Bxd5 Ng4+ 0-1

[Event "Titled Tuesday intern op 12th Mar Early"]
[Site "Chess.com INT"]
[Date "2024.03.12"]
[Round "11"]
[White "Dehtiarov, Roman"]
[Black "Suyarov, Mukhammadzokhid"]
[Result "1-0"]
[WhiteElo "2319"]
[BlackElo "2407"]
[PlyCount "93"]
[EventDate "2024.03.12"]
[EventType "swiss (blitz)"]
[EventRounds "11"]
[EventCountry "USA"]
[SourceTitle "CB12_2024"]
[SourceDate "2023.10.01"]
[SourceVersion "1"]
[SourceVersionDate "2023.10.01"]
[SourceQuality "1"]

1. e4 e5 2. Nf3 Nf6 3. Nc3 Nc6 4. Bb5 Nd4 5. Bc4 Nxf3+ 6. Qxf3 Bc5 7. d3 h6 8. Be3 d6 9. h3 c6 10. Bb3 b5 11. a4 b4 12. Ne2 a5 13. Bxc5 dxc5 14. 0-0 Qe7 15. Qe3 g5 16. f3 Nh5 17. Bc4 Nf4 18. Nc1 Be6 19. Bxe6 Nxe6 20. Nb3 h5 21. Rac1 g4 22. fxg4 hxg4 23. Rf5 gxh3 24. g3 0-0-0 25. Nxa5 Rdg8 26. Nxc6 Qc7 27. c3 b3 28. Nb4 Qd8 29. Nd5 Rxg3+ 30. Qxg3 Rg8 31. Ne7+ Qxe7 32. Qxg8+ Nd8 33. Qg3 f6 34. Qxh3 Kb8 35. Qg3 Ne6 36. Rcf1 c4 37. dxc4 Qc5+ 38. Kg2 Qxc4 39. Qf3 Nc5 40. Rxf6 Nxe4 41. Rf8+ Kc7 42. Qf7+ Qxf7 43. R1xf7+ Kc6 44. a5 Kb5 45. Rb7+ Ka6 46. Rxb3 Nc5 47. Ra8# 1-0

[Event "Titled Tuesday intern op 16th Jan Early"]
[Site "Chess.com INT"]
[Date "2024.01.16"]
[Round "6"]
[White "Dehtiarov, Roman"]
[Black "Bortnyk, Olexandr"]
[Result "0-1"]
[WhiteElo "2319"]
[BlackElo "2608"]
[PlyCount "90"]
[EventDate "2024.01.16"]
[EventType "swiss (blitz)"]
[EventRounds "11"]
[EventCountry "USA"]
[SourceTitle "CB04_2024"]
[SourceDate "2023.10.16"]
[SourceVersion "1"]
[SourceVersionDate "2023.10.16"]
[SourceQuality "1"]

1. d4 Nf6 2. c4 b6 3. Nc3 Bb7 4. Bg5 e6 5. f3 h6 6. Bh4 d5 7. cxd5 exd5 8. e3 Bd6 9. Qa4+ c6 10. Nxd5 g5 11. Nxf6+ Qxf6 12. Bg3 0-0 13. e4 b5 14. Qd1 Bb4+ 15. Kf2 Rd8 16. Ne2 c5 17. Be5 Qe7 18. a3 Ba5 19. b4 cxd4 20. bxa5 Qxe5 21. Nc1 d3 22. Nxd3 Qd4+ 23. Kg3 Nd7 24. h4 Ne5 25. hxg5 Nxd3 26. Bxd3 Qxd3 27. Qxd3 Rxd3 28. Rxh6 Bxe4 29. Re1 Bg6 30. Kf4 Rxa3 31. g4 b4 32. Reh1 Kg7 33. Re1 b3 34. Re7 b2 35. Rxg6+ Kxg6 36. Rb7 Ra4+ 37. Kg3 Rxa5 38. Rxb2 Rxg5 39. f4 Rc5 40. Rb7 a5 41. f5+ Kg5 42. Rxf7 Rc3+ 43. Kf2 Kxg4 44. f6 Kf5 45. Rb7 Kxf6 0-1

[Event "Titled Tuesday intern op 16th Jan Early"]
[Site "Chess.com INT"]
[Date "2024.01.16"]
[Round "9"]
[White "Ovetchkin, Roman"]
[Black "Dehtiarov, Roman"]
[Result "0-1"]
[WhiteElo "2518"]
[BlackElo "2319"]
[PlyCount "92"]
[EventDate "2024.01.16"]
[EventType "swiss (blitz)"]
[EventRounds "11"]
[EventCountry "USA"]
[SourceTitle "CB04_2024"]
[SourceDate "2023.10.16"]
[SourceVersion "1"]
[SourceVersionDate "2023.10.16"]
[SourceQuality "1"]

1. d4 Nf6 2. c4 e6 3. g3 Bb4+ 4. Bd2 a5 5. Bg2 d5 6. Nf3 0-0 7. 0-0 dxc4 8. Qc2 b5 9. a4 Bxd2 10. Nfxd2 Ra7 11. axb5 Qxd4 12. Nxc4 Bb7 13. Bxb7 Rxb7 14. Rxa5 h5 15. Qc3 Qd8 16. Qf3 Nd5 17. Nc3 h4 18. Rd1 c6 19. bxc6 Nxc6 20. Nxd5 Nxa5 21. Nxa5 Qxa5 22. Nf6+ gxf6 23. Qxb7 f5 24. Qe7 hxg3 25. Qg5+ Kh7 26. hxg3 Qe5 27. Qh4+ Kg7 28. Rd4 f6 29. e3 Qb5 30. b4 e5 31. Rc4 Rf7 32. Rc8 Rf8 33. Rxf8 Kxf8 34. Qh8+ Kf7 35. Qh7+ Ke6 36. Qg8+ Ke7 37. Qb3 f4 38. exf4 exf4 39. gxf4 Kf8 40. Qc3 Kf7 41. Kg2 Qe2 42. Kg3 Qd1 43. f5 Qg1+ 44. Kf3 Qh1+ 45. Ke3 Qh3+ 46. Ke4 Qxc3 0-1

[Event "UKR-ch 91st"]
[Site "Poltava"]
[Date "2023.12.16"]
[Round "8"]
[White "Dehtiarov, Roman"]
[Black "Pavlov, Sergey1"]
[Result "1/2-1/2"]
[WhiteElo "2320"]
[BlackElo "2474"]
[PlyCount "91"]
[EventDate "2023.12.09"]
[EventType "swiss"]
[EventRounds "9"]
[EventCountry "UKR"]
[SourceTitle "CB51_2023"]
[SourceDate "2023.12.20"]
[SourceVersion "1"]
[SourceVersionDate "2023.12.20"]
[SourceQuality "1"]

1. d4 d5 2. c4 c6 3. Nf3 dxc4 4. e3 Be6 5. Qc2 Nf6 6. Bxc4 Bxc4 7. Qxc4 Nbd7 8. Nc3 e6 9. 0-0 Bd6 10. e4 e5 11. Ng5 Qe7 12. f4 exd4 13. e5 Bc5 14. Nce4 Nxe4 15. Nxe4 Qe6 16. Qxe6+ fxe6 17. Rd1 0-0-0 18. a3 Be7 19. b4 Nb6 20. Bb2 Rd5 21. Nd6+ Bxd6 22. exd6 d3 23. Bxg7 Rd8 24. Be5 Nc4 25. Rac1 Nxd6 26. Bxd6 R8xd6 27. Rc3 d2 28. Re3 a5 29. bxa5 Rxa5 30. Kf2 Ra4 31. g3 Rc4 32. Ke2 Rc2 33. Rd3 Rxd3 34. Kxd3 Ra2 35. Rxd2 Rxa3+ 36. Ke4 Kc7 37. g4 b5 38. f5 exf5+ 39. gxf5 Ra1 40. f6 Rf1 41. Ke5 b4 42. Ke6 c5 43. f7 b3 44. Rd3 Re1+ 45. Kd5 Rf1 46. Ke6 1/2-1/2

[Event "Titled Tuesday intern op 19th Sep Early"]
[Site "Chess.com INT"]
[Date "2023.09.19"]
[Round "4"]
[White "Dehtiarov, Roman"]
[Black "Nurgaliyeva, Zarina"]
[Result "0-1"]
[WhiteElo "2308"]
[BlackElo "2051"]
[PlyCount "128"]
[EventDate "2023.09.19"]
[EventType "swiss (blitz)"]
[EventRounds "11"]
[EventCountry "USA"]
[SourceTitle "EXT 2024"]
[Source "ChessBase"]
[SourceDate "2023.10.10"]
[SourceVersion "1"]
[SourceVersionDate "2023.10.10"]
[SourceQuality "1"]

1. e4 e5 2. Nf3 Nc6 3. Bb5 a6 4. Ba4 Nf6 5. 0-0 Be7 6. Bxc6 dxc6 7. Nc3 Nd7 8. d4 exd4 9. Qxd4 0-0 10. Bf4 Bc5 11. Qd3 Bb6 12. Rad1 Qe7 13. e5 Nc5 14. Qe2 Bg4 15. h3 Bh5 16. Rfe1 Ne6 17. Be3 Rad8 18. Ne4 Bg6 19. Bxb6 cxb6 20. Nd6 Nf4 21. Qe3 Nd5 22. Qb3 b5 23. Nd4 Nc7 24. Nxb7 Rxd4 25. Rxd4 Ne6 26. Rd6 Qxb7 27. Red1 c5 28. Qe3 Nd4 29. Qd2 Bxc2 30. Rxd4 Bxd1 31. Rd7 Qe4 32. Qxd1 Qxe5 33. Rd5 Qe7 34. Qd2 g6 35. g3 h5 36. h4 c4 37. Kh2 Re8 38. Qf4 Qe4 39. Qd6 Qe2 40. Rd2 Qf3 41. Qd7 Re2 42. Qd8+ Kh7 43. Qd4 Rxd2 44. Qxd2 Qd3 45. Qf4 Qd5 46. a4 b4 47. Qc7 Kg7 48. Qf4 Qd3 49. Qe5+ Kh7 50. Qf6 Qd5 51. Qxa6 c3 52. bxc3 bxc3 53. Qe2 Qb3 54. Qf3 Qc4 55. Qd1 c2 56. Qc1 Qb3 57. Qf4 Kg8 58. a5 Qb1 59. Qe5 c1Q 60. Qe8+ Kg7 61. Qe5+ Kh7 62. Qd5 Qg1+ 63. Kh3 Qh1+ 64. Qxh1 Qxh1# 0-1

[Event "Titled Tuesday intern op 19th Sep Early"]
[Site "Chess.com INT"]
[Date "2023.09.19"]
[Round "3"]
[White "Pranav, V."]
[Black "Dehtiarov, Roman"]
[Result "1-0"]
[WhiteElo "2579"]
[BlackElo "2308"]
[PlyCount "79"]
[EventDate "2023.09.19"]
[EventType "swiss (blitz)"]
[EventRounds "11"]
[EventCountry "USA"]
[SourceTitle "EXT 2024"]
[Source "ChessBase"]
[SourceDate "2023.10.10"]
[SourceVersion "1"]
[SourceVersionDate "2023.10.10"]
[SourceQuality "1"]

1. e4 e5 2. Nf3 Nc6 3. Bb5 a6 4. Ba4 Nf6 5. 0-0 Be7 6. d3 b5 7. Bb3 d6 8. a4 Rb8 9. c3 0-0 10. Bc2 Re8 11. h3 Bf8 12. Re1 g6 13. Nbd2 Bg7 14. Nf1 h6 15. axb5 axb5 16. Bb3 b4 17. Ne3 Be6 18. Bxe6 Rxe6 19. Nd5 Re8 20. Nxf6+ Qxf6 21. Ra6 Ne7 22. d4 bxc3 23. dxe5 Qe6 24. bxc3 Bxe5 25. Nxe5 Qxe5 26. Bxh6 Qxc3 27. Re3 Qc4 28. Qa1 f6 29. Qxf6 Qf7 30. Qa1 Rb7 31. Rf3 Qh7 32. Qf6 Rbb8 33. Qe6+ Kh8 34. Qf6+ Kg8 35. Ra7 Qxh6 36. Rxc7 Qg7 37. Qe6+ Kh8 38. Rf7 Nf5 39. Qa2 Qe5 40. Rh7# 1-0

[Event "AI Cup Play In"]
[Site "Chess.com INT"]
[Date "2023.09.18"]
[Round "9"]
[White "Dehtiarov, Roman"]
[Black "Postny, Evgeny"]
[Result "0-1"]
[WhiteElo "2308"]
[BlackElo "2570"]
[PlyCount "80"]
[EventDate "2023.09.18"]
[EventType "swiss (rapid)"]
[EventRounds "9"]
[EventCountry "USA"]
[SourceTitle "EXT 2024"]
[Source "ChessBase"]
[SourceDate "2023.10.10"]
[SourceVersion "1"]
[SourceVersionDate "2023.10.10"]
[SourceQuality "1"]

1. e4 e6 2. d3 d5 3. Nd2 c5 4. Ngf3 Nc6 5. g3 Bd6 6. Bg2 Nge7 7. 0-0 0-0 8. Re1 b5 9. e5 Bc7 10. Nf1 Bb7 11. h4 Ng6 12. Bf4 Nxf4 13. gxf4 f6 14. Ng3 fxe5 15. fxe5 Rxf3 16. Qxf3 Qxh4 17. Qh5 Qf4 18. Bh3 Nd4 19. Re3 g6 20. Qd1 Rf8 21. Qf1 Nxc2 22. Bxe6+ Kh8 23. Rae1 Nxe3 24. Rxe3 d4 25. Re2 Bxe5 26. Qh3 Qc1+ 27. Nf1 Qg5+ 28. Qg4 Qf6 29. Qh3 Bf3 30. Re1 Qg5+ 31. Ng3 h5 32. Bb3 h4 33. Be6 Kg7 34. Rxe5 Qxe5 35. Nf1 Rf6 36. Bc8 Qg5+ 37. Kh2 Qf4+ 38. Kg1 Rf7 39. Nh2 Qc1+ 40. Nf1 Be2 0-1

[Event "AI Cup Play In"]
[Site "Chess.com INT"]
[Date "2023.09.18"]
[Round "5"]
[White "Karthik, Venkataraman"]
[Black "Dehtiarov, Roman"]
[Result "1-0"]
[WhiteElo "2563"]
[BlackElo "2308"]
[PlyCount "101"]
[EventDate "2023.09.18"]
[EventType "swiss (rapid)"]
[EventRounds "9"]
[EventCountry "USA"]
[SourceTitle "EXT 2024"]
[Source "ChessBase"]
[SourceDate "2023.10.10"]
[SourceVersion "1"]
[SourceVersionDate "2023.10.10"]
[SourceQuality "1"]

1. c4 e5 2. Nc3 Nf6 3. Nf3 Nc6 4. g3 Bb4 5. Nd5 Bc5 6. Bg2 0-0 7. 0-0 d6 8. e3 e4 9. Ne1 Be6 10. Nxf6+ Qxf6 11. Bxe4 Bxc4 12. Bxh7+ Kh8 13. Qh5 Qh6 14. Qxh6 gxh6 15. Bd3 Be6 16. Be2 d5 17. d4 Bd6 18. Bd2 Ne7 19. Rc1 c6 20. Nd3 a5 21. Nc5 Bxc5 22. Rxc5 Nf5 23. f3 Nd6 24. Rc3 Nc4 25. Bc1 a4 26. e4 b5 27. Bxh6 Rfe8 28. Bc1 b4 29. Rc2 b3 30. axb3 axb3 31. Rc3 Reb8 32. Bd1 Na5 33. Bf4 Rb7 34. Re1 Kg8 35. h4 Rd8 36. Bg5 Rdd7 37. Bf6 Rb4 38. g4 Rc4 39. Rce3 Rc1 40. exd5 Rxd5 41. f4 c5 42. f5 cxd4 43. Re4 Bxf5 44. gxf5 Rxf5 45. Bxd4 Nc6 46. Bc3 Rc5 47. Bxb3 Rxe1+ 48. Rxe1 Rb5 49. Ba4 Rb6 50. h5 Nb4 51. Re8+ 1-0

[Event "EU-ch U16 31st"]
[Site "Mamaia"]
[Date "2023.09.09"]
[Round "5"]
[White "Dehtiarov, Roman"]
[Black "Seemann, Jakub"]
[Result "0-1"]
[WhiteElo "2308"]
[BlackElo "2422"]
[PlyCount "104"]
[EventDate "2023.09.05"]
[EventType "swiss"]
[EventRounds "9"]
[EventCountry "ROU"]
[SourceTitle "EXT 2024"]
[Source "ChessBase"]
[SourceDate "2023.10.10"]
[SourceVersion "1"]
[SourceVersionDate "2023.10.10"]
[SourceQuality "1"]

1. d4 d5 2. c4 e6 3. Nf3 c6 4. e3 f5 5. Bd3 Nf6 6. 0-0 Bd6 7. b3 Qe7 8. Bb2 0-0 9. a4 a5 10. Ba3 Bxa3 11. Nxa3 Ne4 12. Qc2 Nd7 13. Nb1 Rf6 14. Ne1 Rh6 15. f4 g5 16. Bxe4 fxe4 17. Nc3 gxf4 18. Rxf4 Nf8 19. Qf2 Ng6 20. Qg3 Kh8 21. Rf2 Rh5 22. Nc2 Rg5 23. Qh3 h5 24. g3 e5 25. Qf1 Be6 26. cxd5 cxd5 27. dxe5 h4 28. Rf6 hxg3 29. h4 Nxh4 30. Rh6+ Kg7 31. Rxh4 Rf8 32. Rf4 Rh8 33. Ne1 Rgh5 34. Qg2 Qg5 35. Ra2 Rh2 36. Nb5 Rxg2+ 37. Rxg2 Rh3 38. Nd4 Qh6 39. Kf1 Bc8 40. Ndc2 Qh5 41. Rg1 Rh1 42. Rxh1 Qxh1+ 43. Ke2 g2 44. Nxg2 Qxg2+ 45. Kd1 Qg5 46. Nd4 Qxe5 47. Kd2 Qg5 48. Ke1 Qg1+ 49. Kd2 Qb1 50. Ke2 Qd3+ 51. Kf2 Qd2+ 52. Ne2 b6 0-1

[Event "EU-ch U16 31st"]
[Site "Mamaia"]
[Date "2023.09.07"]
[Round "3"]
[White "Dehtiarov, Roman"]
[Black "Kvaloy, Aksel Bu"]
[Result "1-0"]
[WhiteElo "2308"]
[BlackElo "2469"]
[PlyCount "131"]
[EventDate "2023.09.05"]
[EventType "swiss"]
[EventRounds "9"]
[EventCountry "ROU"]
[SourceTitle "EXT 2024"]
[Source "ChessBase"]
[SourceDate "2023.10.10"]
[SourceVersion "1"]
[SourceVersionDate "2023.10.10"]
[SourceQuality "1"]

1. d4 Nf6 2. c4 e6 3. Nf3 d5 4. Nc3 Bb4 5. Qa4+ Nc6 6. a3 Bxc3+ 7. bxc3 0-0 8. Bg5 Bd7 9. cxd5 exd5 10. Qc2 h6 11. Bh4 Na5 12. e3 c5 13. Ne5 cxd4 14. Bxf6 gxf6 15. Nxd7 Qxd7 16. cxd4 Rfc8 17. Qd1 Qc6 18. Qg4+ Kf8 19. Bd3 Qc3+ 20. Ke2 Qb2+ 21. Kf3 Nb3 22. Rad1 Nd2+ 23. Kg3 Rc3 24. Bf5 Re8 25. Rhe1 Nb3 26. Qf3 Rd8 27. Rd3 Rxd3 28. Bxd3 Qxa3 29. Qxf6 Qd6+ 30. Qxd6+ Rxd6 31. Rb1 Na5 32. Ra1 Nc6 33. Rb1 Na5 34. Ra1 b6 35. Bb5 Ke7 36. f4 Rd8 37. Kf3 Rc8 38. g4 f6 39. h4 Rg8 40. Ra2 Ke6 41. f5+ Kd6 42. Kf4 Rg7 43. Rc2 Rg8 44. Rc3 Ra8 45. Ba6 Rg8 46. Bb5 Ra8 47. g5 hxg5+ 48. hxg5 fxg5+ 49. Kxg5 a6 50. Be2 b5 51. f6 Nc4 52. Kg6 b4 53. Rc1 a5 54. e4 b3 55. e5+ Nxe5+ 56. dxe5+ Kxe5 57. f7 a4 58. Bb5 b2 59. Re1+ Kf4 60. Be8 Ra6+ 61. Kg7 Ra7 62. Bxa4 d4 63. Rb1 d3 64. Rxb2 Kg3 65. Rb3 Rxa4 66. Rxd3+ 1-0

[Event "Titled Tuesday intern op 29th Aug Early"]
[Site "Chess.com INT"]
[Date "2023.08.29"]
[Round "10"]
[White "Bettalli, Francesco"]
[Black "Dehtiarov, Roman"]
[Result "1-0"]
[WhiteElo "2274"]
[BlackElo "2308"]
[PlyCount "165"]
[EventDate "2023.08.29"]
[EventType "swiss (blitz)"]
[EventRounds "11"]
[EventCountry "USA"]
[SourceTitle "EXT 2024"]
[Source "ChessBase"]
[SourceDate "2023.10.10"]
[SourceVersion "1"]
[SourceVersionDate "2023.10.10"]
[SourceQuality "1"]

1. e4 e5 2. Nf3 Nc6 3. c3 Nf6 4. d4 exd4 5. e5 Ne4 6. cxd4 Bb4+ 7. Nbd2 d5 8. a3 Ba5 9. b4 Bb6 10. Nb3 0-0 11. Bd3 Bg4 12. Be3 Ne7 13. h3 Bh5 14. 0-0 f5 15. exf6 Nxf6 16. Be2 Ne4 17. Ne5 Nc3 18. Bxh5 Nxd1 19. Raxd1 Nf5 20. Bg4 a5 21. bxa5 Bxa5 22. Nc5 b6 23. Ne6 Qe7 24. Nxf8 Rxf8 25. Bxf5 Rxf5 26. Nc6 Qd6 27. Nxa5 bxa5 28. Rc1 Qxa3 29. Rxc7 Rf7 30. Rc8+ Rf8 31. Rc5 a4 32. Rxd5 Ra8 33. Rc1 Qb2 34. Rc7 a3 35. Rdd7 Qb1+ 36. Kh2 a2 37. Rxg7+ Kh8 38. Bf4 Re8 39. Rgf7 Qg6 40. Be5+ Rxe5 41. Rf8+ Qg8 42. Rxg8+ Kxg8 43. Ra7 Re2 44. Kg3 Kf8 45. Kf3 Rb2 46. Ke3 Ke8 47. g4 Kd8 48. h4 Kc8 49. h5 Kb8 50. Ra4 Kb7 51. f4 Kc6 52. g5 Kb5 53. Ra8 Kb4 54. g6 hxg6 55. hxg6 Rb3+ 56. Ke4 Ra3 57. Rxa3 Kxa3 58. g7 a1Q 59. g8Q Qb1+ 60. Ke5 Qe1+ 61. Kd6 Qe4 62. Qg3+ Kb4 63. d5 Kc4 64. Qg5 Qd4 65. Qe5 Qb6+ 66. Ke7 Qb7+ 67. Ke6 Qc8+ 68. Kf6 Qf8+ 69. Kg5 Qg8+ 70. Kf5 Qh7+ 71. Ke6 Qg8+ 72. Ke7 Qh7+ 73. Kf6 Qh8+ 74. Kf7 Qh7+ 75. Kf8 Qh6+ 76. Ke8 Qg6+ 77. Kd7 Qf7+ 78. Kd8 Qf8+ 79. Kc7 Qc5+ 80. Kd7 Qb5+ 81. Kd8 Kd3 82. d6 Qb8+ 83. Ke7 1-0

[Event "Titled Tuesday intern op 22nd Aug Early"]
[Site "Chess.com INT"]
[Date "2023.08.22"]
[Round "4"]
[White "Bluebaum, Matthias"]
[Black "Dehtiarov, Roman"]
[Result "1-0"]
[WhiteElo "2670"]
[BlackElo "2308"]
[PlyCount "141"]
[EventDate "2023.08.22"]
[EventType "swiss (blitz)"]
[EventRounds "11"]
[EventCountry "USA"]
[SourceTitle "EXT 2024"]
[Source "ChessBase"]
[SourceDate "2023.10.10"]
[SourceVersion "1"]
[SourceVersionDate "2023.10.10"]
[SourceQuality "1"]

1. d4 Nf6 2. c4 e6 3. Nc3 Bb4 4. e3 b6 5. Bd3 Bb7 6. Nf3 0-0 7. Bd2 Qe7 8. Rc1 d6 9. 0-0 Nbd7 10. Qc2 Bxc3 11. Bxc3 h6 12. e4 e5 13. Rfe1 Rfe8 14. b3 a5 15. Rcd1 Rad8 16. Qb2 Nh5 17. Bf1 Nf4 18. d5 Rf8 19. g3 Nh5 20. Nh4 g6 21. Qc1 Kh7 22. Bd2 g5 23. Nf5 Qf6 24. Be2 Ng7 25. Ne3 Nc5 26. Qc2 Qg6 27. Bf3 f5 28. exf5 Nxf5 29. Nxf5 Qxf5 30. Qxf5+ Rxf5 31. Bg4 Rf6 32. Be3 Bc8 33. Bxc8 Rxc8 34. Re2 Rcf8 35. Kg2 g4 36. h3 Ne4 37. Rh1 gxh3+ 38. Rxh3 Nc3 39. Re1 Kg7 40. Reh1 Rh8 41. Rh4 Nxa2 42. g4 Rg6 43. g5 Nb4 44. Kf1 Nc2 45. gxh6+ Kh7 46. Bc1 Rf8 47. R4h3 Nd4 48. Rd3 Rf3 49. Rxf3 Nxf3 50. Rh3 Rg1+ 51. Ke2 Rxc1 52. Rxf3 Kxh6 53. Rf7 Rc3 54. Rxc7 Rxb3 55. Rc6 Kg5 56. Rxd6 Kf5 57. Rd8 Rc3 58. Rf8+ Kg6 59. d6 Rc2+ 60. Ke3 Rc3+ 61. Ke4 Rxc4+ 62. Kxe5 Rc5+ 63. Ke6 Rc6 64. Ke7 Rc1 65. d7 Re1+ 66. Kd6 Rd1+ 67. Kc7 Rc1+ 68. Kxb6 Rb1+ 69. Ka6 a4 70. d8Q a3 71. Qf6+ 1-0

[Event "Titled Tuesday intern op 22nd Aug Early"]
[Site "Chess.com INT"]
[Date "2023.08.22"]
[Round "8"]
[White "Dehtiarov, Roman"]
[Black "Ilamparthi, AR."]
[Result "1-0"]
[WhiteElo "2308"]
[BlackElo "2384"]
[PlyCount "135"]
[EventDate "2023.08.22"]
[EventType "swiss (blitz)"]
[EventRounds "11"]
[EventCountry "USA"]
[SourceTitle "EXT 2024"]
[Source "ChessBase"]
[SourceDate "2023.10.10"]
[SourceVersion "1"]
[SourceVersionDate "2023.10.10"]
[SourceQuality "1"]

1. e4 c5 2. Nc3 Nc6 3. f4 g6 4. Nf3 Bg7 5. Bb5 d6 6. Bxc6+ bxc6 7. 0-0 Nf6 8. d3 0-0 9. Qe1 e6 10. b3 Rb8 11. Bd2 d5 12. Rd1 Ba6 13. Na4 dxe4 14. Ne5 exd3 15. c4 Qe7 16. Be3 Ne4 17. Nxc6 Qc7 18. Nxb8 Rxb8 19. Rxd3 Bb7 20. Qe2 h5 21. Rfd1 Qc6 22. Bc1 Bd4+ 23. Be3 Bf6 24. Bc1 Bd4+ 25. Rxd4 cxd4 26. Rxd4 h4 27. Be3 h3 28. Qf3 hxg2 29. Qxg2 Kg7 30. Rxe4 Qxe4 31. Qxe4 Bxe4 32. Bxa7 Rd8 33. Kf2 Bc6 34. Nc3 Rd2+ 35. Ke3 Rxh2 36. Bd4+ f6 37. b4 Rh3+ 38. Kd2 Rf3 39. b5 Ba8 40. Be3 e5 41. fxe5 f5 42. c5 f4 43. Bd4 Kf7 44. c6 Ke6 45. a4 g5 46. Ne4 Kd5 47. c7 Bb7 48. Nd6 Kxd4 49. Nxb7 Rd3+ 50. Ke2 Rc3 51. b6 g4 52. Nd6 f3+ 53. Kf2 Rc2+ 54. Kg3 Rg2+ 55. Kh4 f2 56. c8Q f1Q 57. Nb5+ Kd3 58. Qc3+ Ke4 59. Qd4+ Kf3 60. Qc3+ Kf4 61. Qd4+ Kf5 62. Qd7+ Kxe5 63. Qe7+ Kd5 64. Qd7+ Kc5 65. Qd4+ Kc6 66. Qd6+ Kb7 67. Qc7+ Ka6 68. Qa7# 1-0

[Event "Titled Tuesday intern op 22nd Aug Early"]
[Site "Chess.com INT"]
[Date "2023.08.22"]
[Round "7"]
[White "Mazurkiewicz, Michal"]
[Black "Dehtiarov, Roman"]
[Result "0-1"]
[WhiteElo "2145"]
[BlackElo "2308"]
[PlyCount "72"]
[EventDate "2023.08.22"]
[EventType "swiss (blitz)"]
[EventRounds "11"]
[EventCountry "USA"]
[SourceTitle "EXT 2024"]
[Source "ChessBase"]
[SourceDate "2023.10.10"]
[SourceVersion "1"]
[SourceVersionDate "2023.10.10"]
[SourceQuality "1"]

1. e4 e5 2. Nf3 Nc6 3. Bb5 a6 4. Bxc6 dxc6 5. 0-0 Bg4 6. h3 h5 7. d3 Qf6 8. Nbd2 Ne7 9. Re1 Ng6 10. d4 Nf4 11. dxe5 Qg6 12. Nh4 Qg5 13. Ndf3 Bxf3 14. Qxf3 Qxh4 15. Bxf4 0-0-0 16. Qe3 Be7 17. Bg3 Qg5 18. Qa7 h4 19. Red1 Rd2 20. f4 Bc5+ 21. Qxc5 Rxg2+ 22. Kxg2 Qxg3+ 23. Kf1 Qxh3+ 24. Ke2 Qg4+ 25. Ke1 Qxf4 26. Qf2 Qxe4+ 27. Qe2 Qb4+ 28. c3 Qf4 29. Qf2 Qxe5+ 30. Qe2 Qf4 31. Rd3 h3 32. Qf3 Qe5+ 33. Kf1 h2 34. Qh1 Qf5+ 35. Rf3 Qxf3+ 36. Qxf3 h1Q+ 0-1

[Event "Titled Tuesday intern op 22nd Aug Early"]
[Site "Chess.com INT"]
[Date "2023.08.22"]
[Round "1"]
[White "Melikhov, Evgeny V"]
[Black "Dehtiarov, Roman"]
[Result "0-1"]
[WhiteElo "2252"]
[BlackElo "2308"]
[PlyCount "72"]
[EventDate "2023.08.22"]
[EventType "swiss (blitz)"]
[EventRounds "11"]
[EventCountry "USA"]
[SourceTitle "EXT 2024"]
[Source "ChessBase"]
[SourceDate "2023.10.10"]
[SourceVersion "1"]
[SourceVersionDate "2023.10.10"]
[SourceQuality "1"]

1. d4 Nf6 2. c4 e6 3. Nc3 Bb4 4. Qc2 0-0 5. e4 d5 6. e5 Ne4 7. Nf3 c5 8. Bd3 cxd4 9. Nxd4 Nd7 10. Bf4 Qh4 11. g3 Qh3 12. Bf1 Qh5 13. Be2 Qg6 14. Bd3 Ndc5 15. Bxe4 Qxe4+ 16. Qxe4 Nxe4 17. Nde2 d4 18. Nxd4 Nxc3 19. a3 Nb5+ 20. axb4 Nxd4 21. 0-0-0 Ne2+ 22. Kc2 Nxf4 23. gxf4 b6 24. c5 bxc5 25. bxc5 Bb7 26. Rhg1 Bd5 27. Rg3 Rfc8 28. Rc3 Rab8 29. f5 Be4+ 30. Kc1 Bxf5 31. Rd7 Be4 32. Rxa7 Rb5 33. Ra4 Bc6 34. b4 Rbb8 35. Ra7 Rxb4 36. Kd2 g6 0-1

[Event "Speed Chess Q1 Sw"]
[Site "Chess.com INT"]
[Date "2023.08.21"]
[Round "10"]
[White "Dehtiarov, Roman"]
[Black "Santos Flores, Alberto Javier"]
[Result "1-0"]
[WhiteElo "2308"]
[BlackElo "2200"]
[PlyCount "41"]
[EventDate "2023.08.21"]
[EventType "k.o. (blitz)"]
[EventRounds "14"]
[EventCountry "USA"]
[SourceTitle "CBM 215 Extra"]
[Source "ChessBase"]
[SourceDate "2023.09.30"]
[SourceVersion "1"]
[SourceVersionDate "2023.09.30"]
[SourceQuality "1"]

1. e4 e6 2. d3 d5 3. Nd2 Nf6 4. g3 Nc6 5. Bg2 dxe4 6. Nxe4 Nxe4 7. Bxe4 e5 8. Bg2 Bc5 9. Nf3 Bg4 10. 0-0 Qd7 11. Re1 0-0-0 12. Be3 Bb6 13. Qe2 f6 14. Rad1 Nd4 15. Bxd4 Bxd4 16. c3 Bb6 17. Qe4 h5 18. Nxe5 Qd5 19. Qxd5 Rxd5 20. Nxg4 Rf5 21. Ne3 1-0